000 00656nam a22002297a 4500
003 UA-OsUOA
001 98098
007 ta
008 20130409b un ||||| |||| 00| 0 ukr d
100 _aОсипов В.
090 _a821.161.1
_bО-74
942 _cBK
040 _aUA-OsUOA
_brus
_cUA-OsUOA
_dUA-OsUOA
245 _aПодснежник
_bповесть о Георгии Плеханове
300 _a527 с.
955 _a3
041 _arus
080 _a821.161.1
260 _aМ.
_bПолитическая литература
_c1982
650 7 _a82 Література. Літературознавство
_2UDC
999 _c385125
_d385125